000 00714nam a2200217Ia 4500
001 11334
003 GE_BSU
008 181216s||||||||xx |||||||||||||| ||und||
040 _cGE_BSU
080 _a547(076.5)
100 _aგიოშვილი ვ.
245 _aორგანული ქიმიის პრაქტიკუმი
245 _cრედ: ბ.ს. კანდელაკი
260 _aთბილისი
260 _bტექნიკა და შრომა
260 _c1951
300 _a130გვ.21სმ.
300 _eცხრილები გვ.120
653 _aორგანული ქიმიის პრაქტიკუმი
942 _cBK
999 _c44531
_d44531